Score 0/8 Timer 01:30
5 Plays Today
% Correct
Port Moresby
85%
KIRIBATI
84.1%
NAURU
78.8%
MARSHALL ISLANDS
77.8%
Adelaide
75.5%
Nuku'alofa
72%
Suva
71.6%
SAMOA
68.1%
Remove Ads.
Support Sporcle.
Get the best of Sporcle when you Go Orange. This ad-free experience offers more features, more stats, and more fun while also helping to support Sporcle. Thank you for becoming a member.

You're not logged in!

Compare scores with friends on all Sporcle quizzes.
OR
Log In

Show Comments

Extras

Top Quizzes Today


Score Distribution

Your Account Isn't Verified!

In order to create a playlist on Sporcle, you need to verify the email address you used during registration. Go to your Sporcle Settings to finish the process.

Report this User

Report this user for behavior that violates our Community Guidelines.

Details: